00414nam a2200169Ia 4500008004100000020001800041245002800059245001600087245004300103260001500146260001600161260000900177300001500186300002500201300001000226500000800236170705s9999 xx 000 0 und d a9780439802383 aBunnicula and friends : bhot fudge / cJames Howe ; illustrated by Jeff Mack. aNew York : bScholastic, c2004 a40 pages : bcolor illustration ; c23cm. a260